Catàleg de l'oferta formativa per a l'Administració Pública a Catalunya : Barcelona 1990 Barcelona 1990
Publicado:
Barcelona :
l'Institut; amb la col·laboració de: Ajuntament de Barcelona, Escola d'Administració Pública de Catalunya, Diputació de Barcelona ,
1990
Descripción Física:
354 p. ; 29'5 cm
Materias:
Funcionaris -- Formació -- Catalunya
MARC
| LEADER | 00000nam a2200000Ia 4500 | ||
|---|---|---|---|
| 001 | 11004 | ||
| 008 | 160829s1990 xx 000 0 cat d | ||
| 080 | |a E-1-40 | ||
| 110 | 1 | |a Institut d'Estudis Metropolitans de Barcelona |9 52750 | |
| 245 | |a Catàleg de l'oferta formativa per a l'Administració Pública a Catalunya : |b Barcelona 1990 | ||
| 260 | |a Barcelona : |b l'Institut; amb la col·laboració de: |b Ajuntament de Barcelona, Escola d'Administració Pública de Catalunya, Diputació de Barcelona, |c 1990 | ||
| 300 | |a 354 p. ; |c 29'5 cm | ||
| 650 | |a Funcionaris |x Formació |x Catalunya |9 35122 | ||
| 710 | |a Escola d'Administració Pública de Catalunya |9 15494 | ||
| 710 | 1 | |a Barcelona (Catalunya). |b Ajuntament |9 50981 | |
| 710 | 1 | |a Barcelona (Catalunya : Província). |b Diputació |9 52408 | |
| 901 | |a Arxiu | ||
| 942 | |n 1 | ||
| 952 | |0 0 |1 0 |4 0 |6 E140 |7 1 |9 46773 |a Arxiu |b Arxiu |d 2016-12-01 |l 0 |o E-1-40 |p 11004 |r 2016-12-01 00:00:00 |w 2016-12-01 |y ARXIU | ||
| 999 | |c 50566 |d 50566 | ||